Statistics for Maya Hawke - South Elroy (Lyrics)

Click here to take the quiz!

General Stats

  • This quiz has been taken 16 times
  • The average score is 216 of 284

Answer Stats

Answer% Correct
A
100%
a
100%
all
100%
always
100%
fought
100%
fucked
100%
I
100%
me
100%
my
100%
side
100%
to
100%
took
100%
we
100%
When
100%
you
100%
You
100%
your
100%
and
90%
And
90%
asked
90%
back
90%
be
90%
come
90%
Crawling
90%
crawling
90%
drive
90%
Elroy
90%
it
90%
now
90%
Now
90%
of
90%
on
90%
out
90%
South
90%
the
90%
been
80%
by,
80%
color
80%
eyes
80%
flutter
80%
I'd
80%
If
80%
I'm
80%
I've
80%
right
80%
since
80%
summer
80%
time
80%
under
80%
up
80%
after
70%
black
70%
Call
70%
Crazy,
70%
crazy
70%
crazy,
70%
don't
70%
end
70%
for
70%
forgive
70%
in
70%
little
70%
Mercedes
70%
mind
70%
more
70%
Please
70%
that
70%
Used
70%
what
70%
burning
60%
down
60%
Down
60%
fever
60%
meter
60%
parking
60%
pity
60%
this
60%
waiting
60%
Watch
60%
dream
50%
God,
50%
gotta
50%
hand
50%
Her
50%
into
50%
It'd
50%
name,
50%
Oh
50%
Parked
50%
quarters
50%
slow
50%
vibrance
50%
beg
40%
bubbles
40%
calling
40%
each
40%
focus
40%
Funny,
40%
Gave
40%
have
40%
minded
40%
much
40%
somehow
40%
somehow,
40%
swallowed
40%
Then
40%
trouble
40%
wouldn't
40%
about
30%
beat-up
30%
biteful
30%
every
30%
good
30%
jerk,
30%
know
30%
lied
30%
made
30%
plenty
30%
really
30%
sliding
30%
spine
30%
tattoo
30%
touch
30%
you're
30%
inside
20%
nightful
20%
plugs
20%
Smirk,
20%
glue
10%
moved
10%

Score Distribution

Percentile by Number Answered

Percent of People with Each Score

Your Score History

You have not taken this quiz